[Event "Mauricie-ch"]
[Site "Trois Rivieres"]
[Date "1984.09.24"]
[Round "2.1"]
[White "Gelinas, Renaud"]
[Black "Deschesnes, Steve"]
[Result "1-0"]
[WhiteElo "1671"]
[BlackElo "1657"]
[PlyCount "67"]
[EventDate "1984.08.??"]
[EventType "k.o."]
[EventRounds "3"]
[EventCountry "CAN"]
[SourceTitle "EXT 2022"]
[Source "ChessBase"]
[SourceDate "2021.10.06"]
[SourceVersion "1"]
[SourceVersionDate "2021.10.06"]
[SourceQuality "1"]

1. e4 c5 2. Nf3 d6 3. d4 cxd4 4. Nxd4 Nf6 5. Nc3 a6 6. Be2 e5 7. Nb3 Be7 8. Be3 0-0 9. 0-0 Be6 10. f4 Qc7 11. Bf3 Nbd7 12. f5 Bxb3 13. axb3 Rfc8 14. g4 h6 15. h4 Nh7 16. Nd5 Qd8 17. f6 Nhxf6 18. Nxe7+ Qxe7 19. g5 hxg5 20. hxg5 Nh7 21. Qd2 Rc6 22. g6 fxg6 23. Qg2 Nhf8 24. Rf2 b5 25. Bg4 Nf6 26. Be2 Rac8 27. c4 bxc4 28. Bxc4+ Rxc4 29. bxc4 Rxc4 30. Rxa6 Rxe4 31. Rxf6 Rxe3 32. Rxf8+ Qxf8 33. Ra8 Rf3 34. Qxf3 1-0